000
002960000a22001330004500
003
MACL
040
_a
MACL
090
_c
4370
_d
4369
100
_a
Satija, M P
245
_a
S R Rangannathan 1892-1972
260
_b
Ess Ess Publications
_c
1992
650
_a
Library & Information
942
_c
BOOK
_k
020
999
_c
4336
_d
4336